000 00486nam a22001577a 4500
005 20251108164325.0
008 250721s1979 xx 000 0 ara d
082 1 4 _a811.79566/عبد
100 1 _aحامد، عبد الله
245 1 0 _aالشعر في ظلال حركة الإمام محمد بن عبد الوهاب /
264 1 _aالرياض :
_bالنادي الأدبي،
_c1979.
300 _a162ص
650 1 7 _aالشعر العربي
942 _2ddc
_cBK
999 _c9335
_d9335